000 00487nam a22001697a 4500
999 _c8356
_d8356
008 201117b ||||| |||| 00| 0 eng d
040 _aBMS College of Architecture
100 _aNishanth, V
245 _aPrison without bars
300 _aNA
500 _a1BM15AT061
502 _8B.Arch
_NBMS College of Architecture, Visvesvaraya Technological University (VTU)
_aProject report
_d2019
650 _aBars
700 _aSachin
_eGuide
700 _aAnirbhan
_eGuide
942 _2ddc
_cTHE